Vowel-Beginning Baby Names (2015) Quiz Stats

 Plays Quiz Updated Dec 2, 2016

Challenge
Share
Tweet
Embed
Score 0/40 Timer 10:00
8 Plays Today
Rank Name % Correct
2Olivia
77%
1Emma
75.7%
8Emily
72.3%
44Anna
72.1%
53Eli
71.5%
30Andrew
71%
19Oliver
68.1%
32Alexa
65.2%
8Alexander
64%
5Isabella
61.1%
73Adam
60.8%
6Ethan
59.3%
52Aaron
59%
13Elizabeth
58.5%
4Ava
57.8%
18Ella
55.2%
67Evan
53.1%
7Abigail
51.5%
76Ian
49.7%
31Isaac
48.7%
Rank Name % Correct
25Anthony
47.5%
39Allison
46.4%
13Aiden
44.8%
12Amelia
44.5%
36Owen
41.4%
11Elijah
40.6%
15Evelyn
40.1%
47Ellie
39.1%
64Angel
38.3%
16Avery
36%
29Aria
33.7%
24Addison
33.4%
49Isaiah
31.2%
37Audrey
31.1%
58Adrian
30.3%
69Austin
28.2%
21Aubrey
26.8%
46Ariana
23.9%
83Asher
19.7%
78Easton
6.7%

You're not logged in!

Compare scores with friends on all Sporcle quizzes.
OR
Log In

You Might Also Like...

Show Comments

Extras

Top Quizzes Today


Score Distribution

Your Account Isn't Verified!

In order to create a playlist on Sporcle, you need to verify the email address you used during registration. Go to your Sporcle Settings to finish the process.

Report this User

Report this user for behavior that violates our Community Guidelines.

Details: